<?xml version="1.0" encoding="UTF-8"?>
<record
    xmlns:xsi="http://www.w3.org/2001/XMLSchema-instance"
    xsi:schemaLocation="http://www.loc.gov/MARC21/slim http://www.loc.gov/standards/marcxml/schema/MARC21slim.xsd"
    xmlns="http://www.loc.gov/MARC21/slim">

  <leader>03401cam a2200433 i 4500</leader>
  <controlfield tag="003">SA-RiAUC</controlfield>
  <controlfield tag="005">20260114115535.0</controlfield>
  <controlfield tag="008">260103s1894    su     g      00000dara c</controlfield>
  <datafield tag="040" ind1=" " ind2=" ">
    <subfield code="a">SA-RiKSU</subfield>
    <subfield code="b">ara</subfield>
    <subfield code="c">SA-RiAUC</subfield>
    <subfield code="e">rda</subfield>
  </datafield>
  <datafield tag="082" ind1="0" ind2="4">
    <subfield code="a">252.23</subfield>
    <subfield code="q">SA-RiAUC</subfield>
  </datafield>
  <datafield tag="090" ind1=" " ind2=" ">
    <subfield code="a">&#x645; &#x646; 252.23</subfield>
    <subfield code="b">&#x62E; &#x637; &#x64A;</subfield>
  </datafield>
  <datafield tag="100" ind1="1" ind2=" ">
    <subfield code="a">&#x627;&#x644;&#x62E;&#x637;&#x64A;&#x628;&#x60C; &#x623;&#x62D;&#x645;&#x62F; &#x628;&#x646; &#x639;&#x628;&#x62F; &#x627;&#x644;&#x644;&#x637;&#x64A;&#x641;&#x60C;</subfield>
    <subfield code="d">&#x62A;&#x648;&#x641;&#x64A; 1306 &#x647;&#x62C;&#x631;&#x64A;</subfield>
    <subfield code="e">&#x645;&#x624;&#x644;&#x641;.</subfield>
  </datafield>
  <datafield tag="245" ind1="1" ind2="0">
    <subfield code="a">&#x647;&#x630;&#x627; &#x627;&#x644;&#x643;&#x62A;&#x627;&#x628; &#x627;&#x644;&#x645;&#x633;&#x645;&#x649; &#x628;&#x635;&#x644;&#x62D; &#x627;&#x644;&#x62C;&#x645;&#x627;&#x639;&#x62A;&#x64A;&#x646; &#x628;&#x62C;&#x648;&#x627;&#x632; &#x62A;&#x639;&#x62F;&#x62F; &#x627;&#x644;&#x62C;&#x645;&#x639;&#x62A;&#x64A;&#x646; /</subfield>
    <subfield code="c">&#x62A;&#x623;&#x644;&#x64A;&#x641; &#x623;&#x62D;&#x645;&#x62F; &#x627;&#x644;&#x62E;&#x637;&#x64A;&#x628; &#x627;&#x628;&#x646; &#x639;&#x628;&#x62F; &#x627;&#x644;&#x644;&#x637;&#x64A;&#x641; &#x627;&#x644;&#x62E;&#x637;&#x64A;&#x628; &#x627;&#x628;&#x646; &#x639;&#x628;&#x62F; &#x627;&#x644;&#x644;&#x647; &#x627;&#x644;&#x645;&#x646;&#x643;&#x627;&#x628;&#x627;&#x648;&#x64A; &#x627;&#x644;&#x62C;&#x627;&#x648;&#x64A;. &#x648;&#x628;&#x647;&#x627;&#x645;&#x634;&#x647; &#x62B;&#x644;&#x627;&#x62B; &#x631;&#x633;&#x627;&#x626;&#x644; &#x625;&#x62D;&#x62F;&#x627;&#x647;&#x627; &#x62A;&#x62A;&#x639;&#x644;&#x642; &#x628;&#x634;&#x631;&#x648;&#x637; &#x627;&#x644;&#x62C;&#x645;&#x639;&#x629; &#x648;&#x62C;&#x648;&#x627;&#x632; &#x62A;&#x639;&#x62F;&#x62F;&#x647;&#x627; &#x628;&#x642;&#x62F;&#x631; &#x627;&#x644;&#x62D;&#x627;&#x62C;&#x629; &#x641;&#x64A; &#x628;&#x644;&#x62F;&#x629; &#x648;&#x627;&#x62D;&#x62F;&#x629; &#x61B; &#x648;&#x627;&#x644;&#x62B;&#x627;&#x646;&#x64A;&#x629; &#x62A;&#x62A;&#x639;&#x644;&#x642; &#x628;&#x62C;&#x648;&#x627;&#x632; &#x627;&#x644;&#x639;&#x645;&#x644; &#x628;&#x627;&#x644;&#x642;&#x648;&#x644; &#x627;&#x644;&#x642;&#x62F;&#x64A;&#x645; &#x644;&#x644;&#x625;&#x645;&#x627;&#x645; &#x627;&#x644;&#x634;&#x627;&#x641;&#x639;&#x64A; &#x631;&#x636;&#x64A; &#x627;&#x644;&#x644;&#x647; &#x639;&#x646;&#x647; &#x641;&#x64A; &#x635;&#x62D;&#x629; &#x627;&#x644;&#x62C;&#x645;&#x639;&#x629; &#x628;&#x623;&#x631;&#x628;&#x639;&#x629; / &#x644;&#x623;&#x628;&#x64A; &#x628;&#x643;&#x631; &#x627;&#x628;&#x646; &#x627;&#x644;&#x633;&#x64A;&#x62F; &#x645;&#x62D;&#x645;&#x62F; &#x634;&#x637;&#x627;. &#x648;&#x627;&#x644;&#x62B;&#x627;&#x644;&#x62B;&#x629; &#x647;&#x64A; &#x646;&#x648;&#x631; &#x627;&#x644;&#x644;&#x645;&#x639;&#x629; &#x641;&#x64A; &#x62E;&#x635;&#x627;&#x626;&#x635; &#x627;&#x644;&#x62C;&#x645;&#x639;&#x629; / &#x644;&#x62C;&#x644;&#x627;&#x644; &#x627;&#x644;&#x62F;&#x64A;&#x646; &#x639;&#x628;&#x62F; &#x627;&#x644;&#x631;&#x62D;&#x645;&#x646; &#x627;&#x644;&#x633;&#x64A;&#x648;&#x637;&#x64A;.</subfield>
  </datafield>
  <datafield tag="246" ind1="3" ind2="0">
    <subfield code="a">&#x635;&#x644;&#x62D; &#x627;&#x644;&#x62C;&#x645;&#x627;&#x639;&#x62A;&#x64A;&#x646; &#x628;&#x62C;&#x648;&#x627;&#x632; &#x62A;&#x639;&#x62F;&#x62F; &#x627;&#x644;&#x62C;&#x645;&#x639;&#x62A;&#x64A;&#x646;</subfield>
  </datafield>
  <datafield tag="250" ind1=" " ind2=" ">
    <subfield code="a">&#x627;&#x644;&#x637;&#x628;&#x639;&#x629; &#x627;&#x644;&#x623;&#x648;&#x644;&#x649;.</subfield>
  </datafield>
  <datafield tag="264" ind1=" " ind2="1">
    <subfield code="a">&#x645;&#x643;&#x629; &#x627;&#x644;&#x645;&#x643;&#x631;&#x645;&#x629; :</subfield>
    <subfield code="b">&#x627;&#x644;&#x645;&#x637;&#x628;&#x639;&#x629; &#x627;&#x644;&#x645;&#x64A;&#x631;&#x64A;&#x629;&#x60C;</subfield>
    <subfield code="c">[1894]</subfield>
  </datafield>
  <datafield tag="300" ind1=" " ind2=" ">
    <subfield code="a">68 &#x635;&#x641;&#x62D;&#x629; &#x61B;</subfield>
    <subfield code="c">28 &#x633;&#x645;</subfield>
  </datafield>
  <datafield tag="336" ind1=" " ind2=" ">
    <subfield code="a">&#x646;&#x635;</subfield>
    <subfield code="b">txt</subfield>
    <subfield code="2">rdacontent</subfield>
    <subfield code="3">&#x643;&#x62A;&#x627;&#x628;</subfield>
  </datafield>
  <datafield tag="337" ind1=" " ind2=" ">
    <subfield code="a">&#x628;&#x62F;&#x648;&#x646; &#x648;&#x633;&#x64A;&#x637;</subfield>
    <subfield code="b">n</subfield>
    <subfield code="2">rdamedia</subfield>
  </datafield>
  <datafield tag="338" ind1=" " ind2=" ">
    <subfield code="a">&#x645;&#x62C;&#x644;&#x62F;</subfield>
    <subfield code="b">nc</subfield>
    <subfield code="2">rdacarrier</subfield>
  </datafield>
  <datafield tag="351" ind1=" " ind2=" ">
    <subfield code="b">&#x645;&#x631;&#x62A;&#x628;&#x629; &#x628;&#x646;&#x638;&#x627;&#x645; &#x627;&#x644;&#x62A;&#x639;&#x642;&#x64A;&#x628;&#x627;&#x62A;.</subfield>
  </datafield>
  <datafield tag="500" ind1=" " ind2=" ">
    <subfield code="a">&#x64A;&#x648;&#x62C;&#x62F; &#x628;&#x622;&#x62E;&#x631; &#x627;&#x644;&#x643;&#x62A;&#x627;&#x628; &#x62A;&#x642;&#x631;&#x64A;&#x638; &#x644;&#x623;&#x62D;&#x62F; &#x639;&#x644;&#x645;&#x627;&#x621; &#x627;&#x644;&#x634;&#x627;&#x641;&#x639;&#x64A;&#x629;.</subfield>
  </datafield>
  <datafield tag="500" ind1=" " ind2=" ">
    <subfield code="a">&#x647;&#x630;&#x627; &#x627;&#x644;&#x643;&#x62A;&#x627;&#x628; &#x645;&#x623;&#x62E;&#x648;&#x630; &#x639;&#x646; &#x627;&#x644;&#x646;&#x633;&#x62E;&#x629; &#x627;&#x644;&#x645;&#x637;&#x628;&#x648;&#x639;&#x629; &#x641;&#x64A; &#x628;&#x62A;&#x627;&#x648;&#x64A; &#x633;&#x646;&#x629; : 1286 &#x647;&#x640;.</subfield>
  </datafield>
  <datafield tag="500" ind1=" " ind2=" ">
    <subfield code="a">&#x648;&#x631;&#x62F; &#x639;&#x644;&#x649; &#x635;&#x641;&#x62D;&#x629; &#x627;&#x644;&#x639;&#x646;&#x648;&#x627;&#x646; &#x623;&#x628;&#x64A;&#x627;&#x62A; &#x634;&#x639;&#x631;&#x64A;&#x629; &#x641;&#x64A; &#x645;&#x62F;&#x62D; &#x627;&#x644;&#x643;&#x62A;&#x627;&#x628;.</subfield>
  </datafield>
  <datafield tag="600" ind1="1" ind2="7">
    <subfield code="a">&#x627;&#x644;&#x625;&#x645;&#x627;&#x645; &#x627;&#x644;&#x634;&#x627;&#x641;&#x639;&#x64A;&#x60C; &#x645;&#x62D;&#x645;&#x62F; &#x628;&#x646; &#x625;&#x62F;&#x631;&#x64A;&#x633; &#x628;&#x646; &#x627;&#x644;&#x639;&#x628;&#x627;&#x633;&#x60C;</subfield>
    <subfield code="d">150-204 &#x647;&#x62C;&#x631;&#x64A;</subfield>
    <subfield code="x">&#x622;&#x631;&#x627;&#x621; &#x62D;&#x648;&#x644; &#x627;&#x644;&#x635;&#x644;&#x627;&#x629;</subfield>
    <subfield code="2">aucnm</subfield>
  </datafield>
  <datafield tag="650" ind1=" " ind2="7">
    <subfield code="a">&#x635;&#x644;&#x627;&#x629; &#x627;&#x644;&#x62C;&#x645;&#x639;&#x629;</subfield>
    <subfield code="2">aucsh</subfield>
  </datafield>
  <datafield tag="650" ind1=" " ind2="7">
    <subfield code="a">&#x627;&#x644;&#x641;&#x642;&#x647; &#x627;&#x644;&#x634;&#x627;&#x641;&#x639;&#x64A;</subfield>
    <subfield code="2">aucsh</subfield>
  </datafield>
  <datafield tag="650" ind1=" " ind2="7">
    <subfield code="a">&#x627;&#x644;&#x639;&#x628;&#x627;&#x62F;&#x627;&#x62A; (&#x641;&#x642;&#x647; &#x625;&#x633;&#x644;&#x627;&#x645;&#x64A;)</subfield>
    <subfield code="2">aucsh</subfield>
  </datafield>
  <datafield tag="700" ind1="1" ind2="2">
    <subfield code="a">&#x623;&#x628;&#x648; &#x628;&#x643;&#x631; &#x634;&#x637;&#x627;&#x60C; &#x623;&#x628;&#x648; &#x628;&#x643;&#x631; &#x628;&#x646; &#x645;&#x62D;&#x645;&#x62F; &#x634;&#x637;&#x627;&#x60C;</subfield>
    <subfield code="d">1266-1310 &#x647;&#x62C;&#x631;&#x64A;</subfield>
    <subfield code="t">&#x631;&#x633;&#x627;&#x644;&#x629; &#x62A;&#x62A;&#x639;&#x644;&#x642; &#x628;&#x634;&#x631;&#x648;&#x637; &#x627;&#x644;&#x62C;&#x645;&#x639;&#x629; &#x648;&#x62C;&#x648;&#x627;&#x632; &#x62A;&#x639;&#x62F;&#x62F;&#x647;&#x627; &#x628;&#x642;&#x62F;&#x631; &#x627;&#x644;&#x62D;&#x627;&#x62C;&#x629; &#x641;&#x64A; &#x628;&#x644;&#x62F;&#x629; &#x648;&#x627;&#x62D;&#x62F;&#x629;.</subfield>
  </datafield>
  <datafield tag="700" ind1="1" ind2="2">
    <subfield code="a">&#x623;&#x628;&#x648; &#x628;&#x643;&#x631; &#x634;&#x637;&#x627;&#x60C; &#x623;&#x628;&#x648; &#x628;&#x643;&#x631; &#x628;&#x646; &#x645;&#x62D;&#x645;&#x62F; &#x634;&#x637;&#x627;&#x60C;</subfield>
    <subfield code="d">1266-1310 &#x647;&#x62C;&#x631;&#x64A;</subfield>
    <subfield code="t">&#x631;&#x633;&#x627;&#x644;&#x629; &#x62A;&#x62A;&#x639;&#x644;&#x642; &#x628;&#x62C;&#x648;&#x627;&#x632; &#x627;&#x644;&#x639;&#x645;&#x644; &#x628;&#x627;&#x644;&#x642;&#x648;&#x644; &#x627;&#x644;&#x642;&#x62F;&#x64A;&#x645; &#x644;&#x644;&#x625;&#x645;&#x627;&#x645; &#x627;&#x644;&#x634;&#x627;&#x641;&#x639;&#x64A; &#x631;&#x636;&#x64A; &#x627;&#x644;&#x644;&#x647; &#x639;&#x646;&#x647; &#x641;&#x64A; &#x635;&#x62D;&#x629; &#x627;&#x644;&#x62C;&#x645;&#x639;&#x629; &#x628;&#x623;&#x631;&#x628;&#x639;&#x629;.</subfield>
  </datafield>
  <datafield tag="700" ind1="1" ind2="2">
    <subfield code="a">&#x627;&#x644;&#x62C;&#x644;&#x627;&#x644; &#x627;&#x644;&#x633;&#x64A;&#x648;&#x637;&#x64A;&#x60C; &#x639;&#x628;&#x62F; &#x627;&#x644;&#x631;&#x62D;&#x645;&#x646; &#x628;&#x646; &#x623;&#x628;&#x64A; &#x628;&#x643;&#x631; &#x628;&#x646; &#x645;&#x62D;&#x645;&#x62F;&#x60C;</subfield>
    <subfield code="d">849-911 &#x647;&#x62C;&#x631;&#x64A;</subfield>
  </datafield>
  <datafield tag="740" ind1="0" ind2="2">
    <subfield code="a">&#x631;&#x633;&#x627;&#x644;&#x629; &#x62A;&#x62A;&#x639;&#x644;&#x642; &#x628;&#x634;&#x631;&#x648;&#x637; &#x627;&#x644;&#x62C;&#x645;&#x639;&#x629; &#x648;&#x62C;&#x648;&#x627;&#x632; &#x62A;&#x639;&#x62F;&#x62F;&#x647;&#x627; &#x628;&#x642;&#x62F;&#x631; &#x627;&#x644;&#x62D;&#x627;&#x62C;&#x629; &#x641;&#x64A; &#x628;&#x644;&#x62F;&#x629; &#x648;&#x627;&#x62D;&#x62F;&#x629;.</subfield>
  </datafield>
  <datafield tag="740" ind1="0" ind2="2">
    <subfield code="a">&#x631;&#x633;&#x627;&#x644;&#x629; &#x62A;&#x62A;&#x639;&#x644;&#x642; &#x628;&#x62C;&#x648;&#x627;&#x632; &#x627;&#x644;&#x639;&#x645;&#x644; &#x628;&#x627;&#x644;&#x642;&#x648;&#x644; &#x627;&#x644;&#x642;&#x62F;&#x64A;&#x645; &#x644;&#x644;&#x625;&#x645;&#x627;&#x645; &#x627;&#x644;&#x634;&#x627;&#x641;&#x639;&#x64A; &#x631;&#x636;&#x64A; &#x627;&#x644;&#x644;&#x647; &#x639;&#x646;&#x647; &#x641;&#x64A; &#x635;&#x62D;&#x629; &#x627;&#x644;&#x62C;&#x645;&#x639;&#x629; &#x628;&#x623;&#x631;&#x628;&#x639;&#x629;.</subfield>
  </datafield>
  <datafield tag="740" ind1="0" ind2="2">
    <subfield code="a">&#x646;&#x648;&#x631; &#x627;&#x644;&#x644;&#x645;&#x639;&#x629; &#x641;&#x64A; &#x62E;&#x635;&#x627;&#x626;&#x635; &#x627;&#x644;&#x62C;&#x645;&#x639;&#x629;.</subfield>
  </datafield>
  <datafield tag="856" ind1="4" ind2=" ">
    <subfield code="u">http://10.10.10.21/hipres/1261/book.Web/bookTestPage.html</subfield>
  </datafield>
  <datafield tag="856" ind1="4" ind2=" ">
    <subfield code="u">http://10.0.0.80:1112/M.Alsamman/1261.pdf</subfield>
  </datafield>
  <datafield tag="942" ind1=" " ind2=" ">
    <subfield code="2">ddc</subfield>
    <subfield code="c">RBOOK COPY</subfield>
    <subfield code="n">0</subfield>
  </datafield>
  <datafield tag="949" ind1=" " ind2=" ">
    <subfield code="a">SA-JeALM</subfield>
    <subfield code="d">260103</subfield>
    <subfield code="u">mohamedma123</subfield>
    <subfield code="n">1</subfield>
  </datafield>
  <datafield tag="952" ind1=" " ind2=" ">
    <subfield code="0">0</subfield>
    <subfield code="1">0</subfield>
    <subfield code="2">ddc</subfield>
    <subfield code="4">0</subfield>
    <subfield code="7">0</subfield>
    <subfield code="a">WAHAB</subfield>
    <subfield code="b">WAHAB</subfield>
    <subfield code="d">2026-01-14</subfield>
    <subfield code="l">0</subfield>
    <subfield code="o">&#x645; &#x646; 252.23  &#x62E; &#x637; &#x64A;</subfield>
    <subfield code="p">000022454</subfield>
    <subfield code="r">2026-01-14 11:56:23</subfield>
    <subfield code="w">2026-01-14</subfield>
    <subfield code="y">RBOOK COPY</subfield>
  </datafield>
  <datafield tag="952" ind1=" " ind2=" ">
    <subfield code="0">0</subfield>
    <subfield code="1">0</subfield>
    <subfield code="2">ddc</subfield>
    <subfield code="4">0</subfield>
    <subfield code="7">0</subfield>
    <subfield code="a">WAHAB</subfield>
    <subfield code="b">WAHAB</subfield>
    <subfield code="d">2026-01-14</subfield>
    <subfield code="l">0</subfield>
    <subfield code="o">&#x645; &#x646; 252.23 &#x62E; &#x637; &#x64A;	</subfield>
    <subfield code="p">000022464</subfield>
    <subfield code="r">2026-01-14 12:35:38</subfield>
    <subfield code="w">2026-01-14</subfield>
    <subfield code="y">RBOOK COPY</subfield>
  </datafield>
  <datafield tag="999" ind1=" " ind2=" ">
    <subfield code="c">14047</subfield>
    <subfield code="d">14047</subfield>
  </datafield>
</record>
